Fußball-Quiz: Alle Länder mit positiver WM-Bilanz gegen Brasilien - Statistiken

Allgemein
  • Dieses Quiz wurde 1.821 mal gespielt
  • Das Durchschnittsergebnis liegt bei 3 aus 6
Antwortstatistiken
Bilanz gegen Brasilien Mannschaft % Korrekt
1 Sieg, 1 Niederlage;Tore: 7:3 Deutschland
98%
2 Siege, 1 Unentschieden, 1 Niederlage;1 Sieg im Elfmeterschießen
Tore: 7:6 (+ 4:3 i. E.)
Frankreich
86%
3 Siege, 1 Unentschieden, 1 Niederlage;1 Niederlage im Elfmeterschießen;
Tore: 10:5 (+ 3:4 i. E.)
Niederlande
63%
1 Sieg, 1 Unentschieden;Tore: 3:1 Portugal
53%
2 Siege;Tore: 7:3 Ungarn
23%
1 Sieg;Tore: 2:1 Norwegen
13%
Keine übereinstimmenden Quizze gefunden
Verteilung der Resultate
Anzahl Personen mit jedem Resultat
Perzentil nach korrekt beantworteten Fragen
Ihre Resultats-Entwicklung
Sie haben dieses Quiz noch nicht gespielt